000 00333nam a2200133Ia 4500
008 231129s1984||||xx |||||||||||||| ||spa||
040 _bspa
082 _aCo861 R667m
100 _aRobledo Ortí­z Jorge 1922-1990
245 0 _aMi antologí­a
260 _c1984
264 _aMedellí­n Colombia : Letras
942 _2ddc
_cBKS
999 _c21090
_d21090